Postpartum depression among teenage mothers : (Record no. 73158)

MARC details
000 -LEADER
fixed length control field 01153nam a22002537i 4500
003 - CONTROL NUMBER IDENTIFIER
control field URS
005 - DATE AND TIME OF LATEST TRANSACTION
control field 20240412231315.0
008 - FIXED-LENGTH DATA ELEMENTS--GENERAL INFORMATION
fixed length control field 180109b xxu||||| |||| 00| 0 eng d
050 14 - LIBRARY OF CONGRESS CALL NUMBER
Classification number RG 852
Item number P8387 2015
100 1# - MAIN ENTRY--PERSONAL NAME
Personal name Portugal, Caziel D,
Relator term author
245 10 - TITLE STATEMENT
Title Postpartum depression among teenage mothers :
Remainder of title a case study /
Statement of responsibility, etc. Caziel D. Portugal.
260 #1 - PUBLICATION, DISTRIBUTION, ETC.
Date of publication, distribution, etc. 2015.
300 ## - PHYSICAL DESCRIPTION
Extent xiii, 54 leaves ;
Other physical details illustrationS (some colour) :
Dimensions 28 cm
336 ## - CONTENT TYPE
Source rdacontent
Content type term text
337 ## - MEDIA TYPE
Source rdamedia
Media type term unmediated
338 ## - CARRIER TYPE
Source rdacarrier
Carrier type term volume
502 ## - DISSERTATION NOTE
Dissertation note Thesis
Degree type Bachelor of Science in Psychology
Name of granting institution University of Rizal System
Year degree granted 2015
504 ## - BIBLIOGRAPHY, ETC. NOTE
Bibliography, etc. note Includes bibliographical references.
520 ## - SUMMARY, ETC.
Summary, etc. This study entitled Postpartum Depression among Teenage Mothers: Case Study, aimed to determine the Postpartum Depression among Teenage who got pregnant and delivered baby while they're still studying. This was conducted in S.Y. 2014-2015
650 #0 - SUBJECT ADDED ENTRY--TOPICAL TERM
Topical term or geographic name entry element Postpartum depression
700 1# - ADDED ENTRY--PERSONAL NAME
Personal name Habulan, Belinda Lourdes M.
Relator term degree supervisor
856 ## - ELECTRONIC LOCATION AND ACCESS
Materials specified Online Request for Student Unpublished Works
Uniform Resource Identifier <a href="https://forms.gle/7LqvGGkaDrUQqz429">https://forms.gle/7LqvGGkaDrUQqz429</a>
942 ## - ADDED ENTRY ELEMENTS (KOHA)
Source of classification or shelving scheme Library of Congress Classification
Koha item type Theses and dissertations

No items available.

University of Rizal System
Email us at univlibservices@urs.edu.ph

Visit our Website www.urs.edu.ph/library